000
00256nam a2200109Ia 4500
008
190912s9999||||xx |||||||||||||| ||und||
100
_a
Javed Rasool Maher
245
0
_a
Rang-w-Ahang
260
_a
Karachi
_b
Rasool Matboaat
_c
1995
300
_a
200
942
_c
BK
999
_c
7077
_d
7077